[Event "Charlotte Spring IM-A"]
[Site "Charlotte"]
[Date "2025.04.18"]
[Round "5"]
[White "Macovei, Andrei"]
[Black "Matros, Alexander"]
[Result "1-0"]
[WhiteElo "2479"]
[BlackElo "2326"]
[PlyCount "99"]
[EventDate "2025.04.16"]
[EventType "tourn"]
[EventRounds "9"]
[EventCountry "USA"]
[EventCategory "1"]
[SourceTitle "CB17_2025"]
[SourceDate "2025.04.23"]
[SourceVersion "1"]
[SourceVersionDate "2025.04.23"]
[SourceQuality "1"]

1. e4 c5 2. Nf3 Nc6 3. Bb5 d6 4. 0-0 Bd7 5. Re1 a6 6. Bxc6 Bxc6 7. d4 cxd4 8. Nxd4 Rc8 9. c4 g6 10. Nc3 Bg7 11. Be3 Nf6 12. f3 0-0 13. Qd2 Nd7 14. Rac1 Ne5 15. b3 Bd7 16. Red1 Nc6 17. Nde2 Be6 18. Nd5 b5 19. cxb5 axb5 20. Nb6 Rc7 21. Nf4 Re8 22. Nxe6 fxe6 23. Qd3 Na7 24. a4 bxa4 25. bxa4 Bh6 26. Bxh6 Rxc1 27. Rxc1 Qxb6+ 28. Be3 Qa5 29. Qb3 Kf7 30. Kf2 Qa6 31. Rc7 Nc6 32. Qb5 Qxb5 33. axb5 Na5 34. Ba7 e5 35. b6 g5 36. b7 Nxb7 37. Rxb7 Rc8 38. Rb2 Kf6 39. Be3 Kg6 40. Kg3 Rc3 41. Bd2 Rd3 42. h4 gxh4+ 43. Kxh4 h6 44. Kg3 Rd4 45. Be3 Rd3 46. Kf2 Rc3 47. Ke2 h5 48. Rb8 Rc2+ 49. Bd2 Ra2 50. Rh8 1-0

[Event "Charlotte Spring IM-A"]
[Site "Charlotte"]
[Date "2025.04.16"]
[Round "1"]
[White "Macovei, Andrei"]
[Black "Petenyi, Tamas"]
[Result "1-0"]
[WhiteElo "2479"]
[BlackElo "2266"]
[PlyCount "85"]
[EventDate "2025.04.16"]
[EventType "tourn"]
[EventRounds "9"]
[EventCountry "USA"]
[EventCategory "1"]
[SourceTitle "CB17_2025"]
[SourceDate "2025.04.23"]
[SourceVersion "1"]
[SourceVersionDate "2025.04.23"]
[SourceQuality "1"]

1. e4 c5 2. Nf3 d6 3. d4 cxd4 4. Nxd4 Nf6 5. Nc3 a6 6. Be2 e5 7. Nb3 Be7 8. Be3 Be6 9. Nd5 Bxd5 10. exd5 Nbd7 11. a4 a5 12. Bb5 0-0 13. 0-0 Nc5 14. Nxc5 dxc5 15. c4 Bd6 16. Qc2 e4 17. g3 Qc8 18. Bg5 Qf5 19. Bxf6 Qxf6 20. Rae1 Rad8 21. Rxe4 g6 22. Rfe1 Qg7 23. f3 f5 24. Re6 Rf6 25. Rxf6 Qxf6 26. Re6 Qd4+ 27. Kg2 Be5 28. Qe2 Bf6 29. b3 Kf7 30. Kh3 g5 31. Rb6 Qa1 32. Rxb7+ Kg6 33. Bd7 Qb1 34. g4 fxg4+ 35. fxg4 Rxd7 36. Rxd7 Qxb3+ 37. Kg2 Kh6 38. Rf7 Kg6 39. Rxf6+ Kxf6 40. Qf3+ Qxf3+ 41. Kxf3 Ke5 42. Ke3 h6 43. Kd3 1-0

[Event "USA-chT College final"]
[Site "Richardson"]
[Date "2025.04.06"]
[Round "3"]
[White "Macovei, Andrei"]
[Black "Rodrigue Lemieux, Shawn"]
[Result "1/2-1/2"]
[WhiteElo "2479"]
[BlackElo "2505"]
[PlyCount "121"]
[EventDate "2025.04.05"]
[EventType "team-tourn"]
[EventRounds "3"]
[EventCountry "USA"]
[SourceTitle "CB15_2025"]
[SourceDate "2025.04.09"]
[SourceVersion "1"]
[SourceVersionDate "2025.04.09"]
[SourceQuality "1"]
[WhiteTeam "Texas Dallas Univ"]
[BlackTeam "Texas Rio Grande Valley Univ"]
[WhiteTeamCountry "USA"]
[BlackTeamCountry "USA"]

1. e4 c6 2. d4 d5 3. e5 c5 4. dxc5 e6 5. Qh5 Nd7 6. Nf3 g6 7. Qg4 Ne7 8. Nc3 Nc6 9. Bf4 Nxc5 10. Bg5 Be7 11. Bxe7 Qxe7 12. Bb5 Bd7 13. 0-0 0-0 14. Rfe1 Rac8 15. h4 h5 16. Qf4 Kg7 17. Rad1 Nb8 18. Bf1 f5 19. Ne2 Bb5 20. Ned4 Bxf1 21. Kxf1 Nc6 22. c3 Ne4 23. Ng1 Nxd4 24. Rxd4 b5 25. Ne2 Rc4 26. f3 Nc5 27. Red1 Nd7 28. Qg3 Rg8 29. Nf4 Kh7 30. Re1 Nb8 31. Rxc4 bxc4 32. b3 cxb3 33. axb3 Nc6 34. b4 a6 35. Ra1 d4 36. cxd4 Qxb4 37. Rc1 Qb2 38. Rd1 Qc2 39. Qe1 Qc4+ 40. Qe2 Nxe5 41. Nxe6 Qxe6 42. dxe5 Rc8 43. Kg1 f4 44. Qe4 Rf8 45. Rd6 Qf5 46. Qd5 Qb1+ 47. Kh2 Qe1 48. Qb7+ Kh6 49. Qxa6 Qxh4+ 50. Kg1 Qe1+ 51. Kh2 Qg3+ 52. Kg1 Qe1+ 53. Kh2 Qg3+ 54. Kg1 Rb8 55. Qe2 Rb3 56. Rd1 Re3 57. Qb2 Re1+ 58. Rxe1 Qxe1+ 59. Kh2 Qg3+ 60. Kg1 Qe1+ 61. Kh2 1/2-1/2

[Event "Wch Blitz"]
[Site "New York"]
[Date "2024.12.30"]
[Round "7"]
[White "Shimanov, Aleksandr"]
[Black "Macovei, Andrei"]
[Result "1-0"]
[WhiteElo "2593"]
[BlackElo "2477"]
[PlyCount "55"]
[EventDate "2024.12.30"]
[EventType "swiss (blitz)"]
[EventRounds "13"]
[EventCountry "USA"]
[SourceTitle "CB01_2025"]
[SourceDate "2025.01.01"]
[SourceVersion "1"]
[SourceVersionDate "2025.01.01"]
[SourceQuality "1"]

1. e4 e5 2. Nf3 Nc6 3. Nc3 Nf6 4. h3 Bd6 5. Bc4 0-0 6. a3 Re8 7. Ng5 Rf8 8. d3 Nd4 9. Nf3 Nxf3+ 10. gxf3 Nh5 11. Be3 c6 12. Rg1 Be7 13. d4 d6 14. Qd2 Kh8 15. 0-0-0 Qc7 16. f4 exf4 17. Bxf4 b5 18. Bd3 Nxf4 19. Qxf4 a5 20. e5 dxe5 21. dxe5 f6 22. Rxg7 Kxg7 23. Rg1+ Kh8 24. Bxh7 Bxa3 25. Bd3 f5 26. bxa3 Qh7 27. e6 Qh5 28. Qe5+ 1-0

[Event "Wch Rapid"]
[Site "New York"]
[Date "2024.12.28"]
[Round "12"]
[White "Macovei, Andrei"]
[Black "Kevlishvili, Robby"]
[Result "0-1"]
[WhiteElo "2375"]
[BlackElo "2558"]
[PlyCount "107"]
[EventDate "2024.12.26"]
[EventType "swiss (rapid)"]
[EventRounds "13"]
[EventCountry "USA"]
[SourceTitle "CB01_2025"]
[SourceDate "2025.01.01"]
[SourceVersion "1"]
[SourceVersionDate "2025.01.01"]
[SourceQuality "1"]

1. e4 c5 2. Nf3 Nc6 3. Bb5 d6 4. 0-0 Bd7 5. Re1 Nf6 6. c3 a6 7. Bf1 Bg4 8. h3 Bxf3 9. Qxf3 e6 10. d3 Be7 11. Nd2 0-0 12. Qe2 b5 13. Nf3 Qb6 14. Be3 Rfe8 15. g3 Bf8 16. Bg2 Rab8 17. Rad1 a5 18. Bg5 Nd7 19. d4 a4 20. e5 d5 21. dxc5 Bxc5 22. a3 Na5 23. h4 Nc4 24. Bf4 Rbd8 25. h5 h6 26. Bf1 f6 27. exf6 Nxf6 28. Ne5 Ne4 29. Nd3 e5 30. Nxc5 exf4 31. Nxe4 Rxe4 32. Qc2 Rxe1 33. Rxe1 fxg3 34. Bg2 Rf8 35. Bxd5+ Kh8 36. Re2 gxf2+ 37. Rxf2 Qc5 38. Bg2 Ne5 39. Kf1 Ng4 40. Rxf8+ Qxf8+ 41. Ke1 Qf4 42. Qe2 Qc1+ 43. Qd1 Qxd1+ 44. Kxd1 Ne3+ 45. Ke2 Nxg2 46. Kf3 Ne1+ 47. Ke2 Nc2 48. Kd3 Nxa3 49. bxa3 g6 50. hxg6 Kg7 51. c4 bxc4+ 52. Kxc4 Kxg6 53. Kd4 Kf5 54. Ke3 0-1

[Event "Wch Rapid"]
[Site "New York"]
[Date "2024.12.26"]
[Round "3"]
[White "Aravindh, Chithambaram VR"]
[Black "Macovei, Andrei"]
[Result "1/2-1/2"]
[WhiteElo "2546"]
[BlackElo "2375"]
[PlyCount "157"]
[EventDate "2024.12.26"]
[EventType "swiss (rapid)"]
[EventRounds "13"]
[EventCountry "USA"]
[SourceTitle "CB01_2025"]
[SourceDate "2025.01.01"]
[SourceVersion "1"]
[SourceVersionDate "2025.01.01"]
[SourceQuality "1"]

1. d4 Nf6 2. Nf3 e6 3. e3 d5 4. Bd3 c5 5. b3 Nc6 6. 0-0 Be7 7. Bb2 0-0 8. Nbd2 cxd4 9. exd4 Nb4 10. Be2 Qc7 11. a3 Nc6 12. Bd3 Bd6 13. Qe2 b6 14. Rae1 Bb7 15. Ne5 Qe7 16. b4 Nd7 17. f4 Rae8 18. g4 f6 19. Nxc6 Bxc6 20. Qe3 e5 21. c4 e4 22. cxd5 Bxd5 23. Nxe4 f5 24. gxf5 Nf6 25. Nxf6+ gxf6 26. Qg3+ Qg7 27. Re6 Rxe6 28. fxe6 Bxe6 29. Kf2 Kh8 30. Qxg7+ Kxg7 31. Rg1+ Kf7 32. Kf3 f5 33. Bc1 h6 34. Bd2 Kf6 35. Kf2 Bd5 36. Be2 Rc8 37. Bd1 b5 38. Rg3 a6 39. Rh3 Kg7 40. Bf3 Bxf3 41. Rxf3 Rc2 42. Ke2 Kf7 43. d5 Ra2 44. Kd1 Ra1+ 45. Bc1 Ra2 46. Rh3 Kg6 47. Rc3 Kf7 48. Bd2 Ra1+ 49. Kc2 Rh1 50. Rc6 Ke7 51. Rxa6 Rxh2 52. Ra7+ Ke8 53. Kd3 Rh3+ 54. Kd4 Rh2 55. Be3 Ra2 56. Kc3 Re2 57. Kd3 Ra2 58. Ra6 Kd7 59. Kc3 h5 60. Ra7+ Kc8 61. Bc5 Bb8 62. Rh7 Bxf4 63. d6 Be5+ 64. Kd3 Rxa3+ 65. Kc2 Ra2+ 66. Kd3 Ra3+ 67. Kc2 Ra2+ 68. Kb3 Rb2+ 69. Ka3 Rd2 70. Rxh5 Rd3+ 71. Ka2 Bxd6 72. Rxf5 Bxc5 73. Rxc5+ Kb7 74. Rxb5+ Kc6 75. Ra5 Kb6 76. Ra3 Rd4 77. Kb3 Rd3+ 78. Ka4 Rxa3+ 79. Kxa3 1/2-1/2

[Event "Wch Rapid"]
[Site "New York"]
[Date "2024.12.26"]
[Round "1"]
[White "Sandipan, Chanda"]
[Black "Macovei, Andrei"]
[Result "0-1"]
[WhiteElo "2585"]
[BlackElo "2375"]
[PlyCount "108"]
[EventDate "2024.12.26"]
[EventType "swiss (rapid)"]
[EventRounds "13"]
[EventCountry "USA"]
[SourceTitle "CB01_2025"]
[SourceDate "2025.01.01"]
[SourceVersion "1"]
[SourceVersionDate "2025.01.01"]
[SourceQuality "1"]

1. d4 Nf6 2. c4 e6 3. Nc3 d5 4. cxd5 Nxd5 5. e4 Nxc3 6. bxc3 c5 7. Nf3 cxd4 8. cxd4 Bb4+ 9. Bd2 Bxd2+ 10. Qxd2 0-0 11. Rd1 b6 12. Be2 Bb7 13. d5 exd5 14. 0-0 d4 15. Nxd4 Nd7 16. Nf5 Bxe4 17. Nd6 Bc6 18. Qc3 Nc5 19. Nxf7 Qf6 20. Ne5 Be4 21. f4 h6 22. Bc4+ Kh7 23. Bd5 Bxd5 24. Rxd5 Rad8 25. Qc2+ Kg8 26. Qc4 Rxd5 27. Qxd5+ Qe6 28. Qxe6+ Nxe6 29. f5 Nd4 30. Ng6 Re8 31. g4 Kf7 32. h3 Kf6 33. a4 Re4 34. Kg2 h5 35. Kg3 hxg4 36. hxg4 Kg5 37. Kh3 Re3+ 38. Kg2 Re4 39. Kh3 Rxg4 40. Ne5 Rh4+ 41. Kg2 Re4 42. Nf7+ Kg4 43. Nd6 Re2+ 44. Rf2 Rxf2+ 45. Kxf2 a6 46. Ne8 Kxf5 47. Nxg7+ Ke4 48. Ne8 Nb3 49. Nc7 Nc5 50. Na8 Nxa4 51. Ke2 Nc3+ 52. Kd2 Nd5 53. Kc2 Kd4 54. Kb3 Kc5 0-1

[Event "US Masters op"]
[Site "Charlotte"]
[Date "2024.12.01"]
[Round "9"]
[White "Macovei, Andrei"]
[Black "Bok, Benjamin"]
[Result "1/2-1/2"]
[WhiteElo "2476"]
[BlackElo "2593"]
[PlyCount "46"]
[EventDate "2024.11.27"]
[EventType "swiss"]
[EventRounds "9"]
[EventCountry "USA"]
[SourceTitle "CB49_2024"]
[SourceDate "2024.12.04"]
[SourceVersion "1"]
[SourceVersionDate "2024.12.04"]
[SourceQuality "1"]

1. e4 c5 2. Nf3 d6 3. Bb5+ Nd7 4. 0-0 a6 5. Be2 Ngf6 6. d3 e6 7. a4 b6 8. Nfd2 Bb7 9. f4 Be7 10. Bf3 Qc7 11. Nc3 d5 12. e5 Ng8 13. Ne2 Nh6 14. Ng3 f6 15. exf6 Nxf6 16. Re1 Bd6 17. Nb3 Kf7 18. a5 b5 19. d4 cxd4 20. Nxd4 Rhe8 21. Nh5 Nxh5 22. Bxh5+ g6 23. Bf3 Nf5 1/2-1/2

[Event "Olympiad-45"]
[Site "Budapest"]
[Date "2024.09.14"]
[Round "4.25"]
[White "Al Hosani, Omran"]
[Black "Macovei, Andrei"]
[Result "1/2-1/2"]
[WhiteElo "2241"]
[BlackElo "2464"]
[PlyCount "88"]
[EventDate "2024.09.11"]
[EventType "team-swiss"]
[EventRounds "11"]
[EventCountry "HUN"]
[SourceTitle "EXT 2025"]
[Source "ChessBase"]
[SourceDate "2024.10.14"]
[SourceVersion "1"]
[SourceVersionDate "2024.10.14"]
[SourceQuality "1"]
[WhiteTeam "United Arab Emirates"]
[BlackTeam "Moldova"]
[WhiteTeamCountry "UAE"]
[BlackTeamCountry "MDA"]

1. d4 Nf6 2. c4 e6 3. Nf3 b6 4. g3 Ba6 5. Qc2 c5 6. Bg2 Bb7 7. 0-0 cxd4 8. Nxd4 Bxg2 9. Kxg2 Be7 10. e4 Qc7 11. b3 0-0 12. Bb2 Nc6 13. Nf3 Rfd8 14. Nc3 Rac8 15. Rfd1 a6 16. Qe2 d6 17. Rac1 Qb7 18. Nd4 Nxd4 19. Rxd4 Nd7 20. Rcd1 Nc5 21. f3 h6 22. R4d2 Rb8 23. Ba3 Rdc8 24. Na4 Nxa4 25. bxa4 Qc6 26. Bxd6 Bxd6 27. Rxd6 Qxa4 28. Rc1 Rc6 29. Rxc6 Qxc6 30. Rb1 Rd8 31. Qf2 Rd6 32. e5 Rd3 33. Rxb6 Qxc4 34. Qe2 Qc3 35. Rb8+ Kh7 36. Qe4+ g6 37. Qb7 Kg7 38. Qe7 Rd2+ 39. Kh3 Rxh2+ 40. Kxh2 Qc2+ 41. Kg1 Qc1+ 42. Kg2 Qc2+ 43. Kh3 Qf5+ 44. Kg2 Qc2+ 1/2-1/2

[Event "San Jose 1000 GM Labor Day op"]
[Site "San Jose"]
[Date "2024.09.02"]
[Round "7"]
[White "Macovei, Andrei"]
[Black "Cordova, Emilio"]
[Result "1/2-1/2"]
[WhiteElo "2466"]
[BlackElo "2519"]
[PlyCount "30"]
[EventDate "2024.08.30"]
[EventType "swiss"]
[EventRounds "9"]
[EventCountry "USA"]
[SourceTitle "EXT 2025"]
[Source "ChessBase"]
[SourceDate "2024.10.14"]
[SourceVersion "1"]
[SourceVersionDate "2024.10.14"]
[SourceQuality "1"]

1. e4 Nc6 2. Nf3 d6 3. d4 Nf6 4. c3 g6 5. Bd3 Bg7 6. 0-0 0-0 7. Re1 e5 8. h3 Re8 9. Na3 h6 10. Nc2 a5 11. a4 Bd7 12. Bd2 Nh5 13. Bb5 Nf6 14. Bd3 Nh5 15. Bb5 Nf6 1/2-1/2

[Event "Biel HTO 57th"]
[Site "Biel"]
[Date "2024.07.25"]
[Round "10"]
[White "Macovei, Andrei"]
[Black "Song, Ethan"]
[Result "1-0"]
[WhiteElo "2479"]
[BlackElo "2244"]
[PlyCount "83"]
[EventDate "2024.07.15"]
[EventType "swiss"]
[EventRounds "10"]
[EventCountry "SUI"]
[SourceTitle "CBM 221"]
[Source "ChessBase"]
[SourceDate "2024.08.31"]
[SourceVersion "1"]
[SourceVersionDate "2024.08.31"]
[SourceQuality "1"]

1. e4 e5 2. Nf3 Nc6 3. Bb5 Nf6 4. d3 Bc5 5. Bxc6 dxc6 6. 0-0 Bd6 7. Bg5 Qe7 8. Nbd2 h6 9. Bh4 Bg4 10. h3 Bxf3 11. Qxf3 g5 12. Bg3 Nd7 13. Nc4 0-0-0 14. c3 Qe6 15. b4 Nb6 16. Ne3 c5 17. bxc5 Bxc5 18. Nf5 Kb8 19. a4 Nc8 20. Rfd1 f6 21. d4 Bd6 22. d5 Qf7 23. Rdb1 Ka8 24. Rb5 c6 25. dxc6 bxc6 26. Rb2 Bc5 27. Nd4 Rxd4 28. Bxe5 Rd6 29. Bxd6 Nxd6 30. e5 Qc7 31. exd6 Bxd6 32. Rab1 Be5 33. Qd3 Qc8 34. a5 Rd8 35. Qc4 Qd7 36. g3 h5 37. Rd2 Bd6 38. Rbd1 Qc7 39. Qe6 Be7 40. Rxd8+ Bxd8 41. Rd7 Qc8 42. Qe8 1-0

[Event "Biel HTO 57th"]
[Site "Biel"]
[Date "2024.07.22"]
[Round "7"]
[White "Macovei, Andrei"]
[Black "Petkidis, Anthony"]
[Result "1/2-1/2"]
[WhiteElo "2479"]
[BlackElo "2428"]
[PlyCount "101"]
[EventDate "2024.07.15"]
[EventType "swiss"]
[EventRounds "10"]
[EventCountry "SUI"]
[SourceTitle "CBM 221"]
[Source "ChessBase"]
[SourceDate "2024.08.31"]
[SourceVersion "1"]
[SourceVersionDate "2024.08.31"]
[SourceQuality "1"]

1. e4 c6 2. d4 d5 3. e5 Bf5 4. Nf3 e6 5. Be2 c5 6. c3 Nc6 7. 0-0 cxd4 8. Nxd4 Nge7 9. Nxf5 Nxf5 10. Bd3 g6 11. Re1 Bg7 12. f4 0-0 13. Nd2 b5 14. Nf3 b4 15. Qe2 bxc3 16. bxc3 Qa5 17. Bd2 Rab8 18. Kh1 Nfe7 19. g4 Rb2 20. Rad1 Qxa2 21. f5 exf5 22. gxf5 Nxf5 23. Bxf5 gxf5 24. Rg1 Ne7 25. Ng5 h6 26. Nf3 Ng6 27. h4 Kh7 28. h5 Ne7 29. Nd4 Rg8 30. e6 fxe6 31. Nxe6 Qc4 32. Qxc4 dxc4 33. Nxg7 Rxg7 34. Rxg7+ Kxg7 35. Be3 f4 36. Bxf4 Rb5 37. Rd7 Rxh5+ 38. Kg2 Kf6 39. Rxa7 Nd5 40. Bd2 Ke5 41. Ra4 Rh4 42. Kg3 Re4 43. Bxh6 Nxc3 44. Bg7+ Kd5 45. Ra5+ Kc6 46. Kf3 Rh4 47. Bxc3 Rh3+ 48. Ke4 Rxc3 49. Kd4 Kb6 50. Kxc3 Kxa5 51. Kxc4 1/2-1/2

[Event "Biel HTO 57th"]
[Site "Biel"]
[Date "2024.07.18"]
[Round "4"]
[White "Nurmanova, Alua"]
[Black "Macovei, Andrei"]
[Result "1/2-1/2"]
[WhiteElo "2266"]
[BlackElo "2479"]
[PlyCount "85"]
[EventDate "2024.07.15"]
[EventType "swiss"]
[EventRounds "10"]
[EventCountry "SUI"]
[SourceTitle "CBM 221"]
[Source "ChessBase"]
[SourceDate "2024.08.31"]
[SourceVersion "1"]
[SourceVersionDate "2024.08.31"]
[SourceQuality "1"]

1. e4 e5 2. Nf3 Nc6 3. Bb5 a6 4. Ba4 Nf6 5. 0-0 d6 6. c3 Bd7 7. Re1 g6 8. d4 Bg7 9. Nbd2 0-0 10. h3 exd4 11. cxd4 Nb4 12. Bxd7 Qxd7 13. Qb3 a5 14. a3 Nc6 15. Nf1 a4 16. Qc2 Na5 17. Bg5 Qc6 18. Qd3 Rfe8 19. Rac1 Qb6 20. N1d2 c6 21. e5 dxe5 22. dxe5 Nd5 23. Qc2 Nb3 24. Nxb3 axb3 25. Qc4 Ra5 26. Bd2 Raa8 27. Be3 Qa5 28. Qxb3 Nxe3 29. Qxe3 Rad8 30. Rc4 Qa6 31. Re4 Qd3 32. Qb6 Qd7 33. Rb4 Bf8 34. Rd4 Qe7 35. Rde4 Qc5 36. Qb3 Qd5 37. Qe3 Bg7 38. Qb6 Qd7 39. Ng5 Qe7 40. h4 h6 41. Nf3 Rd5 42. Qb3 Qd7 43. Qc2 1/2-1/2

[Event "Biel Rapid op 57th"]
[Site "Biel"]
[Date "2024.07.14"]
[Round "1"]
[White "Macovei, Andrei"]
[Black "Papaux, Jeremie"]
[Result "1-0"]
[WhiteElo "2479"]
[BlackElo "1808"]
[PlyCount "81"]
[EventDate "2024.07.14"]
[EventType "swiss (rapid)"]
[EventRounds "9"]
[EventCountry "SUI"]
[SourceTitle "EXT 2025"]
[Source "ChessBase"]
[SourceDate "2024.10.14"]
[SourceVersion "1"]
[SourceVersionDate "2024.10.14"]
[SourceQuality "1"]

1. e4 e5 2. Nf3 Nc6 3. Bc4 Nf6 4. d3 h6 5. 0-0 d6 6. a4 g5 7. Nc3 Bg4 8. Be3 Bg7 9. h3 Be6 10. Bxe6 fxe6 11. d4 exd4 12. Nxd4 Qd7 13. Qe2 0-0-0 14. Nxc6 Qxc6 15. Bxa7 Nd7 16. Rfd1 Bxc3 17. bxc3 e5 18. a5 Nc5 19. Bxc5 Qxc5 20. c4 Kd7 21. Rd5 Qc6 22. c5 Ke7 23. cxd6+ cxd6 24. c4 Kf6 25. Rad1 Qc7 26. Qd3 Ke7 27. Qa3 Ke6 28. Rc1 Qe7 29. Qb2 Kf6 30. Rcd1 Rd7 31. Qc3 Rhd8 32. Qf3+ Kg7 33. Qd3 Kf6 34. c5 Ke6 35. Qb3 Kf6 36. Qf3+ Kg7 37. Qd3 Ra8 38. Rxd6 Rc7 39. Qc3 Rac8 40. R1d5 Kh7 41. g3 1-0

[Event "Biel Rapid op 57th"]
[Site "Biel"]
[Date "2024.07.14"]
[Round "4"]
[White "Naarden, Amindo"]
[Black "Macovei, Andrei"]
[Result "0-1"]
[WhiteElo "1993"]
[BlackElo "2479"]
[PlyCount "160"]
[EventDate "2024.07.14"]
[EventType "swiss (rapid)"]
[EventRounds "9"]
[EventCountry "SUI"]
[SourceTitle "EXT 2025"]
[Source "ChessBase"]
[SourceDate "2024.10.14"]
[SourceVersion "1"]
[SourceVersionDate "2024.10.14"]
[SourceQuality "1"]

1. c4 c5 2. Nc3 Nf6 3. g3 d5 4. cxd5 Nxd5 5. Bg2 Nc7 6. Nf3 Nc6 7. 0-0 e5 8. d3 Be7 9. Be3 0-0 10. Rc1 Bd7 11. Ne4 b6 12. Qd2 Rc8 13. b3 Nd5 14. Nc3 Nxe3 15. fxe3 Be6 16. Rf2 Qd7 17. Rcf1 Rcd8 18. e4 h6 19. h4 Qc7 20. Kh2 Qc8 21. Qb2 a6 22. Nd1 Bf6 23. Ne3 b5 24. Rc1 Nd4 25. Nxd4 exd4 26. Nf5 h5 27. Qd2 Qc7 28. Nh6+ Kh8 29. Rxf6 gxf6 30. Rf1 Kg7 31. Rxf6 Rh8 32. Qg5+ Kf8 33. Rxe6 fxe6 34. Qf6+ Ke8 35. Qxh8+ Kd7 36. Qf6 Re8 37. Bh3 Qd6 38. Nf7 Qe7 39. Ne5+ Kc7 40. Qf4 Kb6 41. Ng6 Qd8 42. e5 Ka5 43. Qd2+ Kb6 44. Bg2 Qc7 45. Qf4 Ka5 46. Qe4 Kb4 47. Qf4 Ka3 48. Qd2 Rg8 49. Be4 Re8 50. Nf4 Qxe5 51. Qc2 Rf8 52. b4 Kxb4 53. Qb3+ Ka5 54. Nxe6 Rf2+ 55. Bg2 Rxe2 56. Nf4 Re3 57. Qb2 b4 58. a3 Kb5 59. axb4 cxb4 60. Qc2 Qc5 61. Qa2 a5 62. Bd5 a4 63. Bb3 axb3 64. Qxb3 Re1 65. Kg2 Rc1 66. Kf3 Qc2 67. Qd5+ Ka4 68. Qa8+ Kb3 69. Qd5+ Ka3 70. Qa5+ Kb3 71. Nd5 Qxd3+ 72. Kf4 Qd2+ 73. Ke5 Re1+ 74. Kd6 Qh6+ 75. Kc5 Rc1+ 76. Kxd4 Qg7+ 77. Ke4 Rc4+ 78. Kf3 Qg4+ 79. Kf2 Rc2+ 80. Ke3 Re2+ 0-1